[Event "CZE-chT2A 2223"]
[Site "Czech Republic"]
[Date "2023.02.19"]
[Round "9.2"]
[White "Horak, Martin"]
[Black "Klement, Lukas"]
[Result "1-0"]
[WhiteElo "2191"]
[BlackElo "2298"]
[PlyCount "125"]
[EventDate "2022.10.16"]
[EventType "team-tourn"]
[EventRounds "11"]
[EventCountry "CZE"]
[SourceTitle "EXT 2024"]
[Source "ChessBase"]
[SourceDate "2023.10.10"]
[SourceVersion "1"]
[SourceVersionDate "2023.10.10"]
[SourceQuality "1"]
[WhiteTeam "Vlasim"]
[BlackTeam "Line II"]
[WhiteTeamCountry "CZE"]
[BlackTeamCountry "CZE"]

1. d4 Nf6 2. c4 e6 3. g3 d5 4. Bg2 Be7 5. Nf3 0-0 6. 0-0 dxc4 7. Qc2 a6 8. a4 Bd7 9. Qxc4 Bc6 10. Bg5 Bd5 11. Qc2 Be4 12. Qc1 Nc6 13. e3 h6 14. Bxf6 Bxf6 15. Nc3 Bg6 16. Rd1 Na5 17. Nd2 Qe7 18. Nce4 Bxe4 19. Bxe4 Qb4 20. Qxc7 Rac8 21. Qf4 Qxb2 22. h4 Rfd8 23. Nf3 Qb6 24. Bd3 Qc6 25. g4 Qd6 26. Qe4 g6 27. h5 Qd5 28. Qf4 Bg5 29. Nxg5 Qxg5 30. Qxg5 hxg5 31. hxg6 fxg6 32. Bxg6 Kg7 33. Be4 Rc4 34. f3 Rc3 35. Kf2 Rc4 36. Rdb1 Rd7 37. Rb6 Kf7 38. Rh1 Rxa4 39. Rh7+ Ke8 40. Rxe6+ Kd8 41. Rh8+ Kc7 42. Rg6 Nc4 43. Bf5 Ra2+ 44. Kg1 Ra1+ 45. Kh2 Ra2+ 46. Kg3 Nxe3 47. Rxg5 Rg2+ 48. Kh3 Re7 49. Rg6 b6 50. Rc8+ Kb7 51. Rgg8 b5 52. Rb8+ Ka7 53. Ra8+ Kb6 54. Rg6+ Ka5 55. Rgxa6+ Kb4 56. R6a7 Rxa7 57. Rxa7 Rd2 58. Be4 Rxd4 59. g5 Nd1 60. Kg3 Nc3 61. Bh7 Ne2+ 62. Kf2 Nf4 63. g6 1-0

[Event "CZE-chT2A 2223"]
[Site "Czech Republic"]
[Date "2022.11.06"]
[Round "2.2"]
[White "Zeman, Matyas"]
[Black "Klement, Lukas"]
[Result "1/2-1/2"]
[WhiteElo "2320"]
[BlackElo "2298"]
[PlyCount "176"]
[EventDate "2022.10.16"]
[EventType "team-tourn"]
[EventRounds "11"]
[EventCountry "CZE"]
[SourceTitle "EXT 2024"]
[Source "ChessBase"]
[SourceDate "2023.10.10"]
[SourceVersion "1"]
[SourceVersionDate "2023.10.10"]
[SourceQuality "1"]
[WhiteTeam "Tabor"]
[BlackTeam "Line II"]
[WhiteTeamCountry "CZE"]
[BlackTeamCountry "CZE"]

1. e4 c5 2. Nf3 e6 3. c3 d5 4. exd5 Qxd5 5. d4 Nf6 6. Be2 Be7 7. Na3 0-0 8. Nb5 Na6 9. 0-0 Qd8 10. Bf4 Bd7 11. Re1 Qb6 12. a4 Bxb5 13. axb5 Nc7 14. Qa4 cxd4 15. Nxd4 Bc5 16. Rad1 Rfd8 17. Be5 Nfd5 18. Bg3 a6 19. bxa6 Nxa6 20. Qb5 Nac7 21. Qxb6 Bxb6 22. Nf3 Nf6 23. Ne5 Ncd5 24. Bf3 Ra2 25. Nc4 Bc5 26. Rd2 Rda8 27. Red1 h6 28. h3 b5 29. Nd6 Bxd6 30. Bxd6 R8a6 31. Be5 Ra1 32. Rxa1 Rxa1+ 33. Rd1 Ra2 34. Rd2 Nd7 35. Bd4 N7b6 36. Bxb6 Nxb6 37. Rd8+ Kh7 38. Rb8 Na4 39. Rxb5 Rxb2 40. Rb4 Ra2 41. c4 Ra1+ 42. Kh2 f5 43. g4 Ra2 44. gxf5 exf5 45. Kg3 Ra3 46. Kg2 Nc5 47. Rb8 Nd3 48. Re8 Rc3 49. Re3 Nf4+ 50. Kg3 Rxc4 51. Ra3 Ng6 52. Ra5 Ne7 53. Re5 Rc7 54. h4 g6 55. Re6 Kg7 56. Rd6 Ng8 57. Rc6 Ra7 58. Rb6 Ra3 59. Rb7+ Kf6 60. Rb6+ Kf7 61. Kf4 Ne7 62. Bg2 Rd3 63. h5 Rd4+ 64. Ke5 Rd2 65. Rf6+ Kg7 66. Re6 Re2+ 67. Kd6 Nc8+ 68. Kd7 Rxe6 69. Kxe6 f4 70. Be4 g5 71. f3 Nb6 72. Bd3 Na4 73. Ke5 Nc3 74. Ke6 Nd1 75. Kf5 Ne3+ 76. Ke5 Ng2 77. Be4 Ne3 78. Bd3 Nd1 79. Bc2 Nf2 80. Ke6 Nh1 81. Ke5 Kf7 82. Bg6+ Ke7 83. Kf5 Ng3+ 84. Ke5 Nf1 85. Be4 Ne3 86. Bd3 Kf7 87. Bg6+ Kf8 88. Be4 Kg7 1/2-1/2

[Event "CZE-ch"]
[Site "Plzen"]
[Date "2020.08.31"]
[Round "9"]
[White "Klement, Lukas"]
[Black "Hollan, Martin"]
[Result "0-1"]
[WhiteElo "2260"]
[BlackElo "2346"]
[PlyCount "80"]
[EventDate "2020.08.23"]
[EventType "swiss"]
[EventRounds "9"]
[EventCountry "CZE"]
[SourceTitle "CBM 198 Extra"]
[Source "ChessBase"]
[SourceDate "2020.11.30"]
[SourceVersion "1"]
[SourceVersionDate "2020.11.30"]
[SourceQuality "1"]

1. d4 Nf6 2. c4 e6 3. Nc3 Bb4 4. e3 0-0 5. Nge2 c5 6. a3 cxd4 7. exd4 Be7 8. Nf4 b6 9. Be2 Bb7 10. 0-0 d6 11. Be3 Nbd7 12. Rc1 Rc8 13. b4 Qc7 14. Nb5 Qb8 15. d5 e5 16. Ne6 Rfe8 17. Ng5 h6 18. Nh3 Bf8 19. f3 a6 20. Nc3 Ba8 21. Qd2 b5 22. cxb5 axb5 23. Nf2 Rxc3 24. Qxc3 Nxd5 25. Qd3 e4 26. fxe4 Ne5 27. Qd4 Nxe3 28. Qxe3 d5 29. Ng4 dxe4 30. Qg3 Bd6 31. Nxh6+ Kh7 32. Qh3 gxh6 33. Rf6 Bf8 34. Qf5+ Kg8 35. Bh5 Qb7 36. Kh1 e3 37. Rcc6 e2 38. Bxf7+ Nxf7 39. Qg6+ Bg7 40. Rce6 e1Q+ 0-1

[Event "CZE-ch"]
[Site "Plzen"]
[Date "2020.08.25"]
[Round "3"]
[White "Klement, Lukas"]
[Black "Nagy, Ladislav1111"]
[Result "1-0"]
[WhiteElo "2260"]
[BlackElo "2150"]
[PlyCount "89"]
[EventDate "2020.08.23"]
[EventType "swiss"]
[EventRounds "9"]
[EventCountry "CZE"]
[SourceTitle "CBM 198 Extra"]
[Source "ChessBase"]
[SourceDate "2020.11.30"]
[SourceVersion "1"]
[SourceVersionDate "2020.11.30"]
[SourceQuality "1"]

1. Nf3 Nf6 2. c4 e6 3. g3 d5 4. Bg2 Be7 5. 0-0 0-0 6. d4 dxc4 7. Qa4 a6 8. Qxc4 b5 9. Qc2 Bb7 10. Bf4 Nc6 11. Nbd2 Nxd4 12. Nxd4 Bxg2 13. Nxe6 fxe6 14. Kxg2 c5 15. Nf3 Qb6 16. Be5 Rad8 17. a4 Nd5 18. axb5 axb5 19. Qe4 Bf6 20. Rfd1 Bxe5 21. Qxe5 h6 22. Rd3 Nf6 23. Rda3 Rd5 24. Qe3 Rd6 25. Ra6 Qc7 26. Ra7 Qc6 27. R1a6 Qd5 28. Rxd6 Qxd6 29. h3 Re8 30. Qa3 Qc6 31. Qa5 e5 32. Rc7 Qd5 33. Qa7 Nh5 34. Qxc5 Qa8 35. Ra7 Qe4 36. Qxb5 Qg6 37. e4 Nf6 38. Qc4+ Kh8 39. Ra4 h5 40. h4 Ng4 41. Ra6 Nf6 42. Ng5 Rb8 43. Qc7 Qe8 44. Rxf6 gxf6 45. Qh7# 1-0

[Event "CZE-chT2B 1819"]
[Site "Czech Republic"]
[Date "2019.02.24"]
[Round "9.3"]
[White "Parizek, Vojtech"]
[Black "Klement, Lukas"]
[Result "0-1"]
[WhiteElo "2277"]
[BlackElo "2254"]
[PlyCount "110"]
[EventDate "2018.10.14"]
[EventType "team-tourn"]
[EventRounds "11"]
[EventCountry "CZE"]
[SourceTitle "EXT 2022"]
[Source "ChessBase"]
[SourceDate "2021.10.06"]
[SourceVersion "1"]
[SourceVersionDate "2021.10.06"]
[SourceQuality "1"]
[WhiteTeam "Kobylisy"]
[BlackTeam "Podborany"]
[WhiteTeamCountry "CZE"]
[BlackTeamCountry "CZE"]

1. e4 c5 2. Nf3 e6 3. d4 cxd4 4. Nxd4 a6 5. g3 d5 6. Nf3 Nf6 7. exd5 Qxd5 8. Qxd5 Nxd5 9. a3 b5 10. Bg2 Bb7 11. 0-0 Nd7 12. Bd2 Be7 13. Nc3 N7b6 14. Ne5 Bf6 15. Rfe1 Bxe5 16. Rxe5 0-0-0 17. Bxd5 Bxd5 18. Nxd5 Rxd5 19. Rxd5 Nxd5 20. Rc1 Nf6 21. c4 bxc4 22. Be3 Nd5 23. Rxc4+ Kb7 24. Bd4 f6 25. f4 Re8 26. Rc2 Rd8 27. Bf2 Rd6 28. b4 Nc7 29. Rc3 Rd2 30. Kg2 Nd5 31. Rb3 Ra2 32. Kf3 Kc6 33. h4 f5 34. b5+ axb5 35. Bd4 g6 36. g4 Rd2 37. Ba7 Rd1 38. Bf2 Rc1 39. h5 Rc4 40. Bg3 fxg4+ 41. Kxg4 Nf6+ 42. Kg5 Ne4+ 43. Kh6 gxh5 44. Bh4 Nd6 45. Bg5 Nf5+ 46. Kxh7 h4 47. Kg6 Re4 48. Kf6 Ne3 49. Rc3+ Kd6 50. Rc8 Nd5+ 51. Kf7 h3 52. Rd8+ Kc7 53. f5 Rg4 54. Rg8 exf5 55. Ke6 Ne3 0-1

[Event "CZE-chT2A 1718"]
[Site "Czech Republic"]
[Date "2018.01.14"]
[Round "6.3"]
[White "Klement, Lukas"]
[Black "Istona, Martin"]
[Result "1-0"]
[WhiteElo "2262"]
[BlackElo "2240"]
[PlyCount "53"]
[EventDate "2017.10.15"]
[EventType "team-tourn"]
[EventRounds "11"]
[EventCountry "CZE"]
[SourceTitle "EXT 2022"]
[Source "ChessBase"]
[SourceDate "2021.10.06"]
[SourceVersion "1"]
[SourceVersionDate "2021.10.06"]
[SourceQuality "1"]
[WhiteTeam "Podborany"]
[BlackTeam "Praha Vrsovice"]
[WhiteTeamCountry "CZE"]
[BlackTeamCountry "CZE"]

1. e4 c5 2. Nf3 Nc6 3. Bb5 Qb6 4. a4 a6 5. Bxc6 Qxc6 6. Nc3 e6 7. 0-0 d6 8. d4 cxd4 9. Nxd4 Qc7 10. f4 Nf6 11. f5 Be7 12. Be3 0-0 13. Qf3 Bd7 14. a5 Rfe8 15. g4 e5 16. Nde2 d5 17. exd5 e4 18. Qh3 Bc5 19. Nd4 Qe5 20. Rad1 Rac8 21. g5 Nxd5 22. Nxd5 Qxd5 23. Ne6 Bxe3+ 24. Qxe3 Qe5 25. Rxd7 Rxc2 26. Qh3 e3 27. g6 1-0

[Event "CZE-ch blitz"]
[Site "Prague"]
[Date "2017.12.30"]
[Round "5"]
[White "Babula, Vlastimil"]
[Black "Klement, Lukas"]
[Result "1-0"]
[WhiteElo "2550"]
[BlackElo "2224"]
[PlyCount "137"]
[EventDate "2017.12.30"]
[EventType "swiss (blitz)"]
[EventRounds "15"]
[EventCountry "CZE"]
[SourceTitle "CBM 182 Extra"]
[Source "ChessBase"]
[SourceDate "2018.02.23"]
[SourceVersion "1"]
[SourceVersionDate "2018.02.23"]
[SourceQuality "1"]

1. d4 Nf6 2. c4 e6 3. Nc3 Bb4 4. Bg5 c5 5. d5 d6 6. e3 h6 7. Bh4 e5 8. Nf3 g5 9. Bg3 Ne4 10. Qc2 Bxc3+ 11. bxc3 f5 12. h4 Nxg3 13. fxg3 g4 14. Nd2 0-0 15. e4 f4 16. gxf4 Rxf4 17. g3 Rf8 18. Be2 Na6 19. Nf1 Qf6 20. Rh2 Nc7 21. Ne3 h5 22. 0-0-0 Bd7 23. Qd2 Qh6 24. Rf1 Rxf1+ 25. Bxf1 Rf8 26. Rf2 Ne8 27. Bd3 Rf3 28. Rxf3 gxf3 29. Qf2 Bg4 30. Kd2 Nf6 31. Ke1 Qg6 32. Qc2 b6 33. Kf2 Qf7 34. Qa4 Qd7 35. Qxd7 Nxd7 36. Nd1 Kf7 37. Ke3 Nf6 38. Nf2 Ke7 39. Bc2 Kd7 40. Bd1 a6 41. a4 Kc7 42. Bxf3 Bd7 43. Bd1 b5 44. axb5 axb5 45. cxb5 Bxb5 46. g4 hxg4 47. Nxg4 Ng8 48. h5 Ne7 49. Nf6 Kd8 50. Bg4 Be8 51. h6 Bf7 52. h7 Ng6 53. Bh5 Nh8 54. Bxf7 Nxf7 55. Kd3 Ke7 56. Nh5 Nh8 57. Kc4 Kf7 58. Ng3 Kg6 59. Nf5 Nf7 60. h8Q Nxh8 61. Nxd6 Kf6 62. Kxc5 Ke7 63. Nf5+ Kf6 64. d6 Nf7 65. Kc6 Ke6 66. c4 Nd8+ 67. Kc7 Nf7 68. c5 Ng5 69. d7 1-0

[Event "CZE-ch blitz"]
[Site "Prague"]
[Date "2017.12.30"]
[Round "14"]
[White "Klement, Lukas"]
[Black "Simacek, Pavel"]
[Result "0-1"]
[WhiteElo "2224"]
[BlackElo "2490"]
[PlyCount "98"]
[EventDate "2017.12.30"]
[EventType "swiss (blitz)"]
[EventRounds "15"]
[EventCountry "CZE"]
[SourceTitle "CBM 182 Extra"]
[Source "ChessBase"]
[SourceDate "2018.02.23"]
[SourceVersion "1"]
[SourceVersionDate "2018.02.23"]
[SourceQuality "1"]

1. d4 Nf6 2. c4 c5 3. Nf3 cxd4 4. Nxd4 e5 5. Nb3 d5 6. cxd5 Qxd5 7. Qxd5 Nxd5 8. Bd2 Nc6 9. Nc3 Be6 10. Nxd5 Bxd5 11. e3 a6 12. Bc3 Nb4 13. Rd1 Rd8 14. Na1 Nxa2 15. f3 Nxc3 16. bxc3 Bc5 17. e4 Be6 18. Bd3 Ke7 19. Nc2 a5 20. Ke2 Bb3 21. Rb1 a4 22. Na1 Rxd3 23. Nxb3 Rxc3 24. Nxc5 Rxc5 25. Rxb7+ Kf6 26. Rb6+ Kg5 27. Kf2 Rc2+ 28. Kg3 f6 29. Ra1 Ra8 30. Ra3 Rd8 31. Rb1 Rdd2 32. Rg1 Ra2 33. Rc3 Rdc2 34. Rd3 h5 35. h4+ Kg6 36. Rdd1 a3 37. Rdf1 Rab2 38. Ra1 a2 39. Kh3 Rc3 40. Kg3 Rcb3 41. Kh2 Rxf3 42. Rge1 Rfb3 43. Rg1 Kf7 44. Rgc1 Kg6 45. Rg1 Kh6 46. Rh1 Rb4 47. Rhe1 Rb1 48. Rg1 Rxg1 49. Rxg1 Rb1 0-1

[Event "CZE-chT2A 1718"]
[Site "Czech Republic"]
[Date "2017.11.19"]
[Round "3.3"]
[White "Hurdzan, Tomas"]
[Black "Klement, Lukas"]
[Result "1/2-1/2"]
[WhiteElo "2141"]
[BlackElo "2262"]
[PlyCount "90"]
[EventDate "2017.10.15"]
[EventType "team-tourn"]
[EventRounds "11"]
[EventCountry "CZE"]
[SourceTitle "EXT 2022"]
[Source "ChessBase"]
[SourceDate "2021.10.06"]
[SourceVersion "1"]
[SourceVersionDate "2021.10.06"]
[SourceQuality "1"]
[WhiteTeam "Klatovy"]
[BlackTeam "Podborany"]
[WhiteTeamCountry "CZE"]
[BlackTeamCountry "CZE"]

1. e4 c5 2. Nf3 d6 3. Bb5+ Bd7 4. Bxd7+ Qxd7 5. c4 Nf6 6. Nc3 Nc6 7. d4 cxd4 8. Nxd4 Qg4 9. Qxg4 Nxg4 10. Nc2 g6 11. Bd2 Bg7 12. Rd1 Nce5 13. f3 Nd3+ 14. Ke2 Nge5 15. b3 Nc5 16. f4 Nc6 17. Kf3 0-0 18. Rhe1 f5 19. exf5 Rxf5 20. g3 e5 21. Nd5 Rf7 22. Kg2 Raf8 23. Rf1 Ne4 24. Bc1 a5 25. Rde1 Nc5 26. Be3 a4 27. Bxc5 dxc5 28. Rf3 g5 29. Ref1 axb3 30. axb3 exf4 31. gxf4 gxf4 32. Nxf4 Ne5 33. R3f2 Ng4 34. Rf3 Ra8 35. Kg3 Ne5 36. R3f2 Ra2 37. Ne3 Ra3 38. Rb1 Nc6 39. Nd3 Rxf2 40. Kxf2 Bd4 41. Kf3 Ra2 42. h3 Rd2 43. Nf4 Kf7 44. Ke4 Be5 45. Nd3 Bd4 1/2-1/2

[Event "CZE-chT2A 1617"]
[Site "Czech Republic"]
[Date "2016.10.30"]
[Round "2.2"]
[White "Klement, Lukas"]
[Black "Postupa, Pavel1111"]
[Result "1-0"]
[WhiteElo "2247"]
[BlackElo "2202"]
[PlyCount "93"]
[EventDate "2016.10.09"]
[EventType "team-tourn"]
[EventRounds "11"]
[EventCountry "CZE"]
[SourceTitle "EXT 2022"]
[Source "ChessBase"]
[SourceDate "2021.10.06"]
[SourceVersion "1"]
[SourceVersionDate "2021.10.06"]
[SourceQuality "1"]
[WhiteTeam "Podborany"]
[BlackTeam "Pankrac II"]
[WhiteTeamCountry "CZE"]
[BlackTeamCountry "CZE"]

1. d4 Nf6 2. c4 g6 3. Nc3 d5 4. Qb3 dxc4 5. Qxc4 Bg7 6. e4 0-0 7. Nf3 Nc6 8. Bf4 e5 9. Nxe5 Nxd4 10. 0-0-0 c5 11. Qxc5 Ne6 12. Rxd8 Nxc5 13. Rxf8+ Kxf8 14. Nxg6+ hxg6 15. Bd6+ Kg8 16. Bxc5 Be6 17. f3 Nd7 18. Be3 Rc8 19. Kd2 Ne5 20. f4 Nc4+ 21. Bxc4 Bxc4 22. e5 f6 23. Bd4 Rd8 24. Ke3 Re8 25. b3 Ba6 26. Ne4 fxe5 27. fxe5 Bxe5 28. Bxe5 Rxe5 29. Rc1 Re7 30. g4 b6 31. Kf4 Bd3 32. Re1 Bxe4 33. Rxe4 Rc7 34. h4 Kf7 35. b4 Kf6 36. g5+ Kf7 37. a4 a6 38. Ke5 b5 39. Rf4+ Kg7 40. a5 Rc3 41. Rd4 Re3+ 42. Re4 Rd3 43. Rf4 Rc3 44. Rf6 Rc4 45. Rxa6 Rxb4 46. Ra7+ Kg8 47. Rb7 1-0

[Event "CZE-chT2A 1516"]
[Site "Czech Republic"]
[Date "2016.02.21"]
[Round "8.1"]
[White "Vavra, Pavel"]
[Black "Klement, Lukas"]
[Result "1-0"]
[WhiteElo "2360"]
[BlackElo "2210"]
[PlyCount "57"]
[EventDate "2015.10.18"]
[EventType "team-tourn"]
[EventRounds "11"]
[EventCountry "CZE"]
[SourceTitle "EXT 2022"]
[Source "ChessBase"]
[SourceDate "2021.10.06"]
[SourceVersion "1"]
[SourceVersionDate "2021.10.06"]
[SourceQuality "1"]
[WhiteTeam "Vysehrad II"]
[BlackTeam "Podborany"]
[WhiteTeamCountry "CZE"]
[BlackTeamCountry "CZE"]

1. d4 Nf6 2. Bg5 Ne4 3. Bf4 d5 4. e3 c5 5. Bd3 Nf6 6. c3 Nc6 7. Nf3 e6 8. Nbd2 Bd6 9. Bg5 h6 10. Bh4 e5 11. dxe5 Nxe5 12. Nxe5 Bxe5 13. Nf3 Bc7 14. Bxf6 gxf6 15. Nh4 Be6 16. Bb5+ Kf8 17. 0-0 Qd6 18. g3 Rg8 19. Bd3 Rd8 20. Qh5 Bg4 21. Qxh6+ Ke7 22. Qh7 Rg5 23. f4 Rgg8 24. Bf5 Qb6 25. Bxg4 Rxg4 26. Nf5+ Kd7 27. Qxf7+ Kc8 28. Ne7+ Kb8 29. Nxd5 1-0

[Event "CZE-chT2A 1516"]
[Site "Czech Republic"]
[Date "2016.02.07"]
[Round "7.1"]
[White "Lorenc, Tomas"]
[Black "Klement, Lukas"]
[Result "0-1"]
[WhiteElo "2182"]
[BlackElo "2210"]
[PlyCount "130"]
[EventDate "2015.10.18"]
[EventType "team-tourn"]
[EventRounds "11"]
[EventCountry "CZE"]
[SourceTitle "EXT 2022"]
[Source "ChessBase"]
[SourceDate "2021.10.06"]
[SourceVersion "1"]
[SourceVersionDate "2021.10.06"]
[SourceQuality "1"]
[WhiteTeam "Karlovy Vary"]
[BlackTeam "Podborany"]
[WhiteTeamCountry "CZE"]
[BlackTeamCountry "CZE"]

1. b4 d5 2. Bb2 Nf6 3. Nf3 Bf5 4. e3 e6 5. c4 Bxb4 6. Qa4+ Nc6 7. Nd4 Rb8 8. Nxc6 bxc6 9. Qxc6+ Qd7 10. Qxd7+ Kxd7 11. cxd5 Bxb1 12. Rxb1 Ne4 13. dxe6+ fxe6 14. f3 Bxd2+ 15. Kd1 Bc3 16. Kc2 Rxb2+ 17. Rxb2 Bxb2 18. Kxb2 Nf2 19. Bb5+ c6 20. Rf1 Rb8 21. Rxf2 Rxb5+ 22. Kc3 Rc5+ 23. Kd4 Rd5+ 24. Kc4 Ke7 25. Rb2 Kf6 26. a4 Rd1 27. Rc2 Ke7 28. e4 e5 29. Kc5 Kd7 30. a5 Rb1 31. Ra2 Rc1+ 32. Kb4 Rb1+ 33. Kc3 Rh1 34. Rb2 Kc8 35. h3 Ra1 36. Kb4 Kc7 37. g3 Rg1 38. g4 Rd1 39. Rb3 Rc1 40. h4 Kb7 41. g5 g6 42. f4 exf4 43. Rf3 c5+ 44. Kb3 Kc6 45. Rxf4 Re1 46. Kc4 Rc1+ 47. Kd3 Rd1+ 48. Kc3 Rd7 49. Rf6+ Kb5 50. e5 Rd4 51. e6 Rxh4 52. Kd3 c4+ 53. Ke3 Rh1 54. Ke4 Re1+ 55. Kd5 c3 56. Rf2 Kxa5 57. Kd6 Kb4 58. e7 Kb3 59. Rf6 c2 60. Rf3+ Kb4 61. Rf4+ Ka5 62. Rc4 Rd1+ 63. Kc5 c1Q 64. e8Q Qxg5+ 65. Kc6 Qb5+ 0-1

[Event "CZE-chT2A 1516"]
[Site "Czech Republic"]
[Date "2015.11.22"]
[Round "3.1"]
[White "Stockova, Zuzana"]
[Black "Klement, Lukas"]
[Result "1-0"]
[WhiteElo "2378"]
[BlackElo "2210"]
[PlyCount "37"]
[EventDate "2015.10.18"]
[EventType "team-tourn"]
[EventRounds "11"]
[EventCountry "CZE"]
[SourceTitle "EXT 2022"]
[Source "ChessBase"]
[SourceDate "2021.10.06"]
[SourceVersion "1"]
[SourceVersionDate "2021.10.06"]
[SourceQuality "1"]
[WhiteTeam "Karlovy Vary Tietz"]
[BlackTeam "Podborany"]
[WhiteTeamCountry "CZE"]
[BlackTeamCountry "CZE"]

1. e4 d6 2. d4 Nf6 3. Nc3 e5 4. Nf3 Nbd7 5. Bc4 Be7 6. 0-0 0-0 7. Re1 c6 8. a4 b6 9. b3 Bb7 10. Bb2 Nxe4 11. Nxe4 d5 12. Nxe5 Nxe5 13. dxe5 dxc4 14. Qh5 Kh8 15. Rad1 Qc7 16. Nf6 gxf6 17. exf6 Bd6 18. Re7 Bxe7 19. Qh6 1-0

[Event "CZE-chT2B 1415"]
[Site "Czech Republic"]
[Date "2015.02.22"]
[Round "8.2"]
[White "Mohyla, Ales"]
[Black "Klement, Lukas"]
[Result "0-1"]
[WhiteElo "2008"]
[BlackElo "2235"]
[PlyCount "66"]
[EventDate "2014.11.02"]
[EventType "team-tourn"]
[EventRounds "11"]
[EventCountry "CZE"]
[SourceTitle "EXT 2022"]
[Source "ChessBase"]
[SourceDate "2021.10.06"]
[SourceVersion "1"]
[SourceVersionDate "2021.10.06"]
[SourceQuality "1"]
[WhiteTeam "Liberec Lokomotiva"]
[BlackTeam "Teplice"]
[WhiteTeamCountry "CZE"]
[BlackTeamCountry "CZE"]

1. d4 Nf6 2. Bg5 Ne4 3. Bh4 g5 4. f3 gxh4 5. fxe4 c5 6. d5 Qb6 7. Nd2 d6 8. e3 Qxb2 9. Rb1 Qf6 10. Ngf3 Bh6 11. Bb5+ Nd7 12. Qe2 0-0 13. 0-0 Ne5 14. Nxe5 Qxe5 15. Bd3 Qg5 16. Rbe1 h3 17. Rf2 Bg4 18. Qf1 Qh5 19. g3 Bg5 20. Nf3 Bf6 21. Qe2 Bc3 22. Ref1 e6 23. Bc4 b5 24. Qd3 b4 25. Nh4 Be5 26. dxe6 fxe6 27. Nf5 Rae8 28. Nxd6 Rxf2 29. Rxf2 Rd8 30. Qf1 Bxd6 31. Rf6 Be7 32. Bxe6+ Bxe6 33. Rxe6 Rd1 0-1

[Event "CZE-chT2B 1314"]
[Site "Czech Republic"]
[Date "2013.12.15"]
[Round "4.1"]
[White "Klement, Lukas"]
[Black "Slampa, Jan"]
[Result "1-0"]
[WhiteElo "2223"]
[BlackElo "2097"]
[PlyCount "87"]
[EventDate "2013.11.03"]
[EventType "team-tourn"]
[EventRounds "11"]
[EventCountry "CZE"]
[SourceTitle "EXT 2015"]
[Source "ChessBase"]
[SourceDate "2014.11.20"]
[SourceVersion "1"]
[SourceVersionDate "2014.11.20"]
[SourceQuality "1"]
[WhiteTeam "Teplice"]
[BlackTeam "Litvinov Lom"]
[WhiteTeamCountry "CZE"]
[BlackTeamCountry "CZE"]

1. c4 Nf6 2. g3 e6 3. Bg2 d5 4. Nf3 Be7 5. 0-0 0-0 6. d4 dxc4 7. Qa4 a6 8. Qxc4 b5 9. Qc2 Bb7 10. a4 Nbd7 11. axb5 axb5 12. Rxa8 Bxa8 13. Nc3 Qb8 14. Bf4 b4 15. Na4 Qb5 16. b3 Nd5 17. Bg5 f6 18. Bc1 c5 19. Bb2 N5b6 20. Nxb6 Qxb6 21. Rc1 Rd8 22. e3 Qb8 23. Ra1 Bb7 24. Qe2 Bd5 25. e4 Bxb3 26. Nd2 c4 27. Nxb3 cxb3 28. Qc4 Nf8 29. Qxb3 Qb5 30. Bf1 Qc6 31. Bd3 Ra8 32. Rc1 Qa4 33. Bc4 Qd7 34. d5 Kh8 35. dxe6 Qe8 36. Bd5 Rb8 37. e5 fxe5 38. Bxe5 Rc8 39. Ra1 Qh5 40. Qb2 Qg6 41. Ra7 Qg4 42. Bxg7+ Kg8 43. Bb3 Qg5 44. Rxe7 1-0

[Event "CZE-chT2B 1314"]
[Site "Czech Republic"]
[Date "2013.11.17"]
[Round "2.1"]
[White "Klement, Lukas"]
[Black "Docekal, Jan"]
[Result "0-1"]
[WhiteElo "2223"]
[BlackElo "2282"]
[PlyCount "66"]
[EventDate "2013.11.03"]
[EventType "team-tourn"]
[EventRounds "11"]
[EventCountry "CZE"]
[SourceTitle "EXT 2015"]
[Source "ChessBase"]
[SourceDate "2014.11.20"]
[SourceVersion "1"]
[SourceVersionDate "2014.11.20"]
[SourceQuality "1"]
[WhiteTeam "Teplice"]
[BlackTeam "Vysehrad"]
[WhiteTeamCountry "CZE"]
[BlackTeamCountry "CZE"]

1. d4 c5 2. dxc5 Na6 3. Nc3 Nxc5 4. e4 d6 5. Nf3 a6 6. Bc4 e6 7. a4 Qc7 8. 0-0 Nf6 9. Qe2 Be7 10. Bf4 0-0 11. h3 e5 12. Bg5 Ne6 13. Be3 Bd7 14. Nd5 Nxd5 15. Bxd5 Rac8 16. c3 Kh8 17. Qd2 Rce8 18. Ne1 Qc8 19. Nd3 Nc7 20. c4 f5 21. exf5 Nxd5 22. cxd5 Bxf5 23. Rfc1 Qd7 24. Kh2 Bd8 25. b3 Qf7 26. Nb2 Qg6 27. Nc4 Bh4 28. Rf1 Rf7 29. Bb6 Ref8 30. Ne3 Bxh3 31. f3 Bd7 32. Qe2 Bg3+ 33. Kg1 Qh5 0-1